[Event "4th Stage Russian Cup"]
[Site "Samara RUS"]
[Date "2002.08.03"]
[Round "9"]
[White "Bryzgalin,K"]
[Black "Kostenko,P"]
[Result "0-1"]
[WhiteElo "2446"]
[BlackElo "2482"]
[EventDate "2002.07.26"]

1. e4 c5 2. Nf3 e6 3. d4 cxd4 4. Nxd4 a6 5. Bd3 Nf6 6. O-O Qc7 7. Nc3 b5 8.
Qe2 d6 9. Bd2 Be7 10. a4 b4 11. Na2 Qb6 12. c3 bxc3 13. Bxc3 Bd7 14. a5 Qb7
15. f3 O-O 16. Kh1 Rc8 17. Rfc1 Be8 18. Be1 Nfd7 19. Rxc8 Qxc8 20. Nc3 Ne5
21. Bc2 Qb7 22. Ba4 Nbc6 23. Nxc6 Nxc6 24. Bf2 Bd8 25. Rd1 Bc7 26. Bb6 Bxb6
27. axb6 Rd8 28. Bxc6 Bxc6 29. Qe3 h6 30. h3 Kf8 31. Qd4 f6 32. Qb4 Ke7 33.
Rd4 Rd7 34. Qa5 Kf7 35. b4 Qa8 36. Rc4 Ke7 37. Kh2 Rd8 38. Ne2 Bb5 39. Rc7+
Rd7 40. Rxd7+ Bxd7 41. Nd4 Qb7 42. b5 axb5 43. Qa7 Bc8 44. Nc6+ Ke8 45. Na5
Qd7 46. b7 Bxb7 47. Nxb7 Qc7 48. Qa6 d5+ 49. Nd6+ Ke7 50. e5 fxe5 51. Nxb5
Qc1 52. Qa7+ Kf6 53. Qf2 Qf4+ 0-1

[Event "4th Stage Russian Cup"]
[Site "Samara RUS"]
[Date "2002.08.03"]
[Round "9"]
[White "Khairullin,I"]
[Black "Obukhov,A"]
[Result "0-1"]
[WhiteElo "2329"]
[BlackElo "2444"]
[EventDate "2002.07.26"]

1. e4 e5 2. Nf3 Nc6 3. Bb5 a6 4. Ba4 Nf6 5. O-O Be7 6. Re1 b5 7. Bb3 d6 8.
c3 O-O 9. d4 Bg4 10. h3 Bxf3 11. Qxf3 exd4 12. Qd1 dxc3 13. Nxc3 Na5 14.
Bc2 c6 15. f4 Nd7 16. Rb1 Bh4 17. Rf1 Qe7 18. Kh2 g6 19. b3 b4 20. Ne2 c5
21. Ng1 Bf6 22. Nf3 Nc6 23. Be3 Nb6 24. Qd2 Bc3 25. Qf2 f6 26. Rbd1 a5 27.
g3 Rad8 28. Qe2 Rfe8 29. Qb5 Qc7 30. Bf2 Nd4 31. Nxd4 cxd4 32. Bb1 Qc5 33.
Qd3 d5 34. Bxd4 Bxd4 35. Qxd4 Qxd4 36. Rxd4 dxe4 37. Rxd8 Rxd8 38. Bxe4
Rd2+ 39. Kg1 f5 40. Bb1 Nd5 0-1

[Event "4th Stage Russian Cup"]
[Site "Samara RUS"]
[Date "2002.08.03"]
[Round "9"]
[White "Pridorozhni,A"]
[Black "Torbin,K"]
[Result "1/2-1/2"]
[WhiteElo "2453"]
[BlackElo "2388"]
[EventDate "2002.07.26"]

1. e4 c5 2. Nf3 Nc6 3. Bb5 g6 4. Bxc6 dxc6 5. d3 Bg7 6. h3 e5 7. Nc3 Qe7 8.
Be3 Nf6 9. Qd2 O-O 10. O-O Ne8 11. a3 Nc7 12. b4 Ne6 13. Na4 Nd4 14. Nh2
cxb4 15. axb4 Qc7 16. Bxd4 exd4 17. f4 f5 18. e5 b6 19. Nf3 Rd8 20. c3 dxc3
21. Qa2+ Kf8 22. d4 Bh6 23. Nxc3 Bxf4 24. Rae1 Re8 25. Qc4 Bg3 26. Rc1 Qf7
27. Qxf7+ Kxf7 28. Ne2 Ba6 29. Nxg3 Bxf1 30. Nxf1 a5 31. bxa5 bxa5 32. Ng5+
Kg8 33. Rxc6 a4 34. Nd2 a3 35. Rc1 a2 36. Ra1 Red8 37. Ngf3 Kf7 38. Nb3
Rdb8 39. Nfd2 Ke6 40. Rc1 Ra3 41. Ra1 Kd5 42. Kf2 h6 43. Ke2 Rbxb3 44. Nxb3
Rxb3 45. Rxa2 Kxd4 46. Ra6 g5 47. e6 Re3+ 48. Kf2 Re5 1/2-1/2

[Event "4th Stage Russian Cup"]
[Site "Samara RUS"]
[Date "2002.08.03"]
[Round "9"]
[White "Vulfson,V"]
[Black "Driamin,D"]
[Result "1/2-1/2"]
[WhiteElo "2412"]
[BlackElo "2323"]
[EventDate "2002.07.26"]

1. d4 Nf6 2. c4 e6 3. Nc3 Bb4 4. f3 d5 5. a3 Be7 6. e4 O-O 7. e5 Ne8 8. f4
dxc4 9. Bxc4 c5 10. dxc5 Qxd1+ 11. Kxd1 Bxc5 12. Nf3 Nc6 13. Ke2 Nc7 14.
Be3 Bxe3 15. Kxe3 Bd7 16. Rac1 Rfd8 17. Rhd1 Kf8 18. g4 Ke7 19. b4 Be8 20.
Bd3 h6 21. h4 f6 22. exf6+ gxf6 23. g5 fxg5 24. fxg5 hxg5 25. hxg5 Bh5 26.
Be4 Rxd1 27. Rxd1 Rg8 28. Rg1 Ne8 29. Bxc6 bxc6 30. Ne5 Kd6 31. Kd4 Ng7 32.
Ne4+ Kc7 33. Kc3 Rd8 34. Nf6 Rd1 35. Rg3 Ra1 36. Kb2 Re1 37. Nd3 Re2+ 38.
Kc3 Bg6 39. Nf4 Rc2+ 40. Kb3 Bf5 41. N4h5 Nxh5 42. Nxh5 Rh2 43. Ng7 Bc2+
44. Kc3 Kd6 45. g6 Ke7 46. Re3 Bxg6 47. Nxe6 Kd6 48. Nc5 Bf5 49. Kb3
1/2-1/2

[Event "4th Stage Russian Cup"]
[Site "Samara RUS"]
[Date "2002.08.03"]
[Round "9"]
[White "Tishin,P"]
[Black "Yashtylov,A"]
[Result "1/2-1/2"]
[WhiteElo "2513"]
[BlackElo "2381"]
[EventDate "2002.07.26"]

1. e4 e5 2. Nf3 Nc6 3. Bc4 Bc5 4. d3 Nf6 5. c3 O-O 6. O-O d6 7. Bb3 h6 8.
Nbd2 Kh8 9. Nc4 Bg4 10. h3 Bh5 11. Be3 b5 12. Ncd2 Qd7 13. Qe1 Bb6 14. Kh1
Rae8 15. a4 b4 16. a5 Bxa5 17. cxb4 Bxb4 18. Qc1 Ne7 19. Rxa7 Rc8 20. Bd1
Qb5 21. Nc4 Bxf3 22. Bxf3 Bc5 23. Ra5 Bxe3 24. fxe3 Qb4 25. Qc3 Nc6 26. Ra6
Qb7 27. Rfa1 Ra8 28. Rxa8 Rxa8 29. Rxa8+ Qxa8 30. d4 Qe8 31. Nd2 Qd7 32.
Bd1 Nd8 33. d5 Qc8 34. b4 Qb7 35. Bc2 c6 36. Nc4 cxd5 37. Nxd6 Qd7 38. Qxe5
Nc6 39. Qf4 Nxb4 40. Bb1 dxe4 41. Nxf7+ Qxf7 42. Qb8+ Kh7 43. Qxb4 Qd5
1/2-1/2

[Event "4th Stage Russian Cup"]
[Site "Samara RUS"]
[Date "2002.08.03"]
[Round "9"]
[White "Blatov,I"]
[Black "Makarov,M"]
[Result "0-1"]
[WhiteElo "2324"]
[BlackElo "2512"]
[EventDate "2002.07.26"]

1. e4 c5 2. Nf3 Nc6 3. Nc3 d6 4. d4 cxd4 5. Nxd4 Nf6 6. f3 Qb6 7. Nb3 e6 8.
Bd3 a6 9. Qe2 Qc7 10. Be3 b5 11. O-O-O Be7 12. g4 Nd7 13. Qf2 Nce5 14. Kb1
b4 15. Ne2 Nc5 16. g5 Bb7 17. h4 Rc8 18. Ng3 d5 19. Nxc5 Bxc5 20. Bxc5 Qxc5
21. Qe2 O-O 22. f4 Nxd3 23. cxd3 b3 24. axb3 Qb5 25. Rhg1 dxe4 26. Nxe4
Qxb3 27. Nf6+ Kh8 28. Qe5 Qc2+ 29. Ka1 Rc5 30. Qe1 Qa4+ 31. Kb1 gxf6 32.
gxf6 Bd5 0-1

[Event "4th Stage Russian Cup"]
[Site "Samara RUS"]
[Date "2002.08.03"]
[Round "9"]
[White "Abrashkin,B"]
[Black "Shinkevich,V"]
[Result "1/2-1/2"]
[WhiteElo "2379"]
[BlackElo "2487"]
[EventDate "2002.07.26"]

1. d4 d5 2. c4 c6 3. Nc3 Nf6 4. cxd5 cxd5 5. Bf4 Nc6 6. e3 a6 7. Bd3 Bg4 8.
Nge2 e6 9. O-O Be7 10. Qd2 O-O 11. Ng3 Bh5 12. Nxh5 Nxh5 13. Ne2 Nxf4 14.
Nxf4 Bd6 15. Ne2 Nb4 16. Rfc1 Qb6 17. a3 Nxd3 18. Qxd3 Rac8 19. Rc2 Rc6 20.
Rac1 Rfc8 21. h3 h6 22. g3 Rxc2 23. Rxc2 Rc6 24. Kg2 Kh8 25. Nc1 Qc7 26.
Rxc6 Qxc6 27. Ne2 Kg8 28. h4 h5 29. Ng1 Qc1 30. Qe2 g6 31. Nh3 Be7 32. Nf4
Bd6 33. Nh3 Be7 34. Nf4 Kf8 35. Nd3 Qc4 36. Qd2 Bd6 1/2-1/2

[Event "4th Stage Russian Cup"]
[Site "Samara RUS"]
[Date "2002.08.03"]
[Round "9"]
[White "Yandarbiev,R"]
[Black "Kuporosov,V"]
[Result "1/2-1/2"]
[WhiteElo "2357"]
[BlackElo "2486"]
[EventDate "2002.07.26"]

1. e4 c5 2. Nf3 e6 3. d4 cxd4 4. Nxd4 a6 5. c4 Nf6 6. Nc3 Qc7 7. Be3 b6 8.
a3 Bb7 9. f3 d6 10. Be2 Be7 11. O-O O-O 12. Rc1 Nbd7 13. b4 Rac8 14. Qd2
Qb8 15. Rfd1 Rfe8 16. Bf1 Bd8 17. Kh1 Bc7 18. Bg1 1/2-1/2

[Event "4th Stage Russian Cup"]
[Site "Samara RUS"]
[Date "2002.08.03"]
[Round "9"]
[White "Smirnov,P"]
[Black "Bocharov,D"]
[Result "0-1"]
[WhiteElo "2539"]
[BlackElo "2475"]
[EventDate "2002.07.26"]

1. e4 c5 2. Nf3 e6 3. d4 cxd4 4. Nxd4 Nc6 5. Nc3 a6 6. Be2 Qc7 7. O-O Nf6
8. Be3 Be7 9. f4 d6 10. a4 O-O 11. Kh1 Re8 12. Bf3 Bf8 13. Nb3 b6 14. a5
Nd7 15. axb6 Nxb6 16. Nb5 axb5 17. Bxb6 Qb8 18. Rxa8 Qxa8 19. Bc7 e5 20.
Qd5 Bb7 21. Bxd6 Nd4 22. Qc5 Nxf3 23. gxf3 Bxe4 24. Nd2 Bxd6 25. Qxd6 Bxc2
26. fxe5 Rd8 27. Qb4 Qd5 28. Ne4 Qxe5 29. Nc3 Bd3 30. Rd1 h6 31. Qh4 Rd7
32. Re1 Qf5 0-1

[Event "4th Stage Russian Cup"]
[Site "Samara RUS"]
[Date "2002.08.03"]
[Round "9"]
[White "Shibaev,A"]
[Black "Temirbaev,S"]
[Result "1/2-1/2"]
[WhiteElo "2306"]
[BlackElo "2433"]
[EventDate "2002.07.26"]

1. d4 Nf6 2. c4 g6 3. Nc3 Bg7 4. e4 d6 5. f4 O-O 6. Nf3 c5 7. dxc5 Qa5 8.
Bd2 Qxc5 9. b4 Qc7 10. Bd3 Bg4 11. O-O Nc6 12. Rb1 Nxb4 13. Rxb4 Qc5+ 14.
Rf2 Qxb4 15. Na4 Qa3 16. Bc1 Qb4 17. Bd2 Qa3 18. Bc1 Qb4 1/2-1/2

[Event "4th Stage Russian Cup"]
[Site "Samara RUS"]
[Date "2002.08.03"]
[Round "9"]
[White "Khismatullin,D"]
[Black "Kim,Se"]
[Result "1-0"]
[WhiteElo "2428"]
[BlackElo "2268"]
[EventDate "2002.07.26"]

1. c4 Nf6 2. Nc3 g6 3. e4 d6 4. d4 Bg7 5. f3 O-O 6. Be3 Nc6 7. Nge2 a6 8.
Qd2 Rb8 9. h4 h5 10. Nc1 e5 11. d5 Nd4 12. N1e2 c5 13. dxc6 bxc6 14. Nxd4
exd4 15. Bxd4 d5 16. cxd5 cxd5 17. e5 Re8 18. O-O-O Nd7 19. f4 Bh6 20. Ba7
Rb4 21. Nxd5 Rxf4 22. Be3 Rxf1 23. Rhxf1 Bxe3 24. Qxe3 Qxh4 25. Rd4 Qh2 26.
Qf3 Nxe5 27. Nf6+ Kh8 28. Qe3 1-0

[Event "4th Stage Russian Cup"]
[Site "Samara RUS"]
[Date "2002.08.03"]
[Round "9"]
[White "Sidorova,E"]
[Black "Akhmadeev,V"]
[Result "1/2-1/2"]
[WhiteElo "2132"]
[BlackElo "2414"]
[EventDate "2002.07.26"]

1. d4 Nf6 2. Nf3 e6 3. c4 Bb4+ 4. Bd2 Qe7 5. g3 Nc6 6. Nc3 Bxc3 7. Bxc3 Ne4
8. Rc1 O-O 9. Bg2 Nxc3 10. Rxc3 d6 11. d5 Nb8 12. dxe6 fxe6 13. O-O Nd7 14.
Nd4 c6 15. e4 a5 16. Qd2 Nc5 17. Ra3 e5 18. Nc2 Be6 19. Ne3 a4 20. Rd1 Rad8
21. Qe2 g6 22. b4 axb3 23. axb3 Bc8 24. b4 Ne6 25. Nc2 c5 26. Qe1 Nd4 27.
Nxd4 cxd4 28. Qd2 Be6 29. Rc1 Rc8 30. Bf1 Rc7 31. Ra5 Rfc8 32. Qh6 Qf8 33.
Qxf8+ Rxf8 34. c5 Rfc8 35. Rb1 dxc5 36. bxc5 Rxc5 37. Rxc5 Rxc5 38. Rxb7
Bg4 39. f4 Bf3 40. fxe5 Rxe5 41. Bc4+ Kh8 1/2-1/2

[Event "4th Stage Russian Cup"]
[Site "Samara RUS"]
[Date "2002.08.03"]
[Round "9"]
[White "Simantsev,M"]
[Black "Iliushkin,E"]
[Result "1-0"]
[WhiteElo "2401"]
[BlackElo "2292"]
[EventDate "2002.07.26"]

1. d4 Nf6 2. c4 e5 3. d5 c5 4. Nc3 d6 5. e4 Be7 6. g3 O-O 7. Bg2 Ne8 8.
Nge2 g6 9. O-O Ng7 10. f4 Na6 11. Be3 Nc7 12. Qd2 f6 13. a3 Bg4 14. b4 cxb4
15. axb4 Na6 16. Nb5 Nxb4 17. Nxa7 Na6 18. Rfb1 Qd7 19. Nc1 Nc5 20. Nd3
Nxd3 21. Qxd3 Rfe8 22. fxe5 fxe5 1-0

[Event "4th Stage Russian Cup"]
[Site "Samara RUS"]
[Date "2002.08.03"]
[Round "9"]
[White "Shkliar,A"]
[Black "Krishilovsky,A"]
[Result "0-1"]
[WhiteElo "2249"]
[BlackElo "2040"]
[EventDate "2002.07.26"]

1. Nf3 Nf6 2. c4 e6 3. Nc3 Bb4 4. g4 h6 5. Rg1 d5 6. Qa4+ Nc6 7. Nd4 a5 8.
Nxc6 bxc6 9. d4 Ne4 10. Qc2 Qf6 11. Be3 c5 12. a3 cxd4 13. axb4 dxe3 14.
Nxe4 dxe4 15. fxe3 Qh4+ 16. Kd2 Qxh2 17. Qxe4 Rb8 18. Bg2 Qd6+ 19. Kc2 Qxb4
20. Qe5 Qxc4+ 21. Kb1 f6 22. Qxa5 O-O 23. Bf3 Bb7 24. Ra4 Qb3 0-1

[Event "4th Stage Russian Cup"]
[Site "Samara RUS"]
[Date "2002.08.03"]
[Round "9"]
[White "Popov,Val"]
[Black "Loskutov,O"]
[Result "1-0"]
[WhiteElo "2579"]
[BlackElo "2406"]
[EventDate "2002.07.26"]

1. d4 Nf6 2. c4 g6 3. Nc3 Bg7 4. e4 d6 5. Nf3 O-O 6. Be2 c5 7. Be3 cxd4 8.
Nxd4 Re8 9. f3 e6 10. Bf2 d5 11. exd5 exd5 12. O-O Nc6 13. c5 Nh5 14. Qd2
Be5 15. g3 Bh3 16. Rfe1 Nf6 17. Be3 Rc8 18. b4 h5 19. a3 1-0

[Event "4th Stage Russian Cup"]
[Site "Samara RUS"]
[Date "2002.08.03"]
[Round "9"]
[White "Kurenkov,N"]
[Black "Kiselev,Ar"]
[Result "1/2-1/2"]
[WhiteElo "2381"]
[BlackElo "2195"]
[EventDate "2002.07.26"]

1. e4 c5 2. Nf3 Nc6 3. d4 cxd4 4. Nxd4 Nf6 5. Nc3 e5 6. Ndb5 d6 7. Bg5 a6
8. Na3 b5 9. Bxf6 gxf6 10. Nd5 f5 11. Bxb5 axb5 12. Nxb5 Ra4 13. c4 Qa5+
14. b4 Rxb4 15. O-O Rxb5 16. cxb5 Nd4 17. Qh5 Bb7 18. Nf6+ Ke7 19. Qh4 Kd8
20. Nd5+ Ke8 21. a4 Bxd5 22. exd5 Be7 23. Qh5 f4 24. Qg4 f5 25. Qg7 Rf8 26.
b6 Qxd5 27. Rfb1 Rg8 28. Qxg8+ Qxg8 29. b7 Nc6 30. a5 f3 31. g3 1/2-1/2

[Event "4th Stage Russian Cup"]
[Site "Samara RUS"]
[Date "2002.08.03"]
[Round "9"]
[White "Ovetchkin,R"]
[Black "Iljushin,A"]
[Result "1-0"]
[WhiteElo "2557"]
[BlackElo "2526"]
[EventDate "2002.07.26"]

1. e4 e6 2. d4 d5 3. Nc3 Nf6 4. e5 Nfd7 5. f4 c5 6. Nf3 Nc6 7. Be3 cxd4 8.
Nxd4 Bc5 9. Qd2 O-O 10. O-O-O Bxd4 11. Bxd4 a6 12. Bf2 b5 13. Ne2 a5 14.
Nd4 Nxd4 15. Bxd4 Ba6 16. g4 b4 17. Bf2 Rb8 1-0

[Event "4th Stage Russian Cup"]
[Site "Samara RUS"]
[Date "2002.08.03"]
[Round "9"]
[White "Kniazev,A"]
[Black "Frolyanov,D"]
[Result "1-0"]
[WhiteElo "2286"]
[BlackElo "2448"]
[EventDate "2002.07.26"]

1. c4 e6 2. Nf3 d5 3. g3 Nf6 4. Bg2 Be7 5. O-O O-O 6. b3 c5 7. cxd5 exd5 8.
d4 Nc6 9. dxc5 Bxc5 10. Bb2 Bg4 11. h3 Bh5 12. Nc3 a6 13. Na4 Be7 14. Rc1
Re8 15. g4 Bg6 16. Nd4 Rc8 17. Nxc6 bxc6 18. e3 Bd6 19. Nc5 Ne4 20. Nb7 Qd7
21. Nxd6 Nxd6 22. Qd4 f6 23. Rxc6 Be4 24. Rxc8 Rxc8 25. f3 Nb5 26. Qb4 Bg6
27. a4 Nd6 28. Rc1 Re8 29. Bd4 h5 30. Qb6 hxg4 31. hxg4 Nf7 32. Qxa6 1-0

[Event "4th Stage Russian Cup"]
[Site "Samara RUS"]
[Date "2002.08.03"]
[Round "9"]
[White "Alagulian,K"]
[Black "Melkozerov,D"]
[Result "1-0"]
[WhiteElo "2263"]
[BlackElo "2364"]
[EventDate "2002.07.26"]

1. e4 e6 2. Nc3 d5 3. Nf3 Nf6 4. e5 Nfd7 5. d4 c5 6. dxc5 Bxc5 7. Bd3 Nc6
8. Qe2 f6 9. exf6 Nxf6 10. Bf4 O-O 11. O-O-O a6 12. Rhe1 b5 13. Ne5 Nxe5
14. Bxe5 Bd7 15. g4 Qe8 16. g5 Nh5 17. g6 hxg6 18. Qg4 Nf6 19. Qh4 Nh5 20.
Rg1 Bxf2 21. Qxh5 Be3+ 22. Kb1 Rf5 23. Bxf5 exf5 24. Qxg6 Qxe5 25. Rde1 d4
26. Nd5 Kf8 27. Nxe3 dxe3 28. Qg5 Qe7 29. Qh5 Kg8 30. Qh6 Rf8 31. Rxe3 Qf6
32. Rg6 Qd4 33. Rd3 Kf7 34. Rxg7+ 1-0

[Event "4th Stage Russian Cup"]
[Site "Samara RUS"]
[Date "2002.08.03"]
[Round "9"]
[White "Kazancev,V"]
[Black "Askarov,M"]
[Result "1-0"]
[WhiteElo "2343"]
[BlackElo "2242"]
[EventDate "2002.07.26"]

1. c4 c5 2. Nc3 Nc6 3. g3 g6 4. Bg2 Bg7 5. e3 e6 6. Nge2 Nge7 7. O-O O-O 8.
d4 cxd4 9. exd4 d5 10. cxd5 Nxd5 11. Nxd5 exd5 12. h3 Bf5 13. g4 Be6 14.
Be3 Qb6 15. Qd2 a5 16. Rfd1 a4 17. Rab1 Rfd8 18. Nf4 Qb4 19. Qd3 Ra6 20. a3
Qb6 21. Nxe6 fxe6 22. h4 Na5 23. h5 Qb3 24. Qe2 Rc6 25. hxg6 hxg6 26. Rd3
Qc2 27. Qf1 Nb3 28. Rdd1 Qc4 29. Qe1 Bxd4 30. Bf1 Qc5 31. Rbc1 Bxe3 32.
Rxc5 Bxc5 33. Bb5 Rb6 34. Bxa4 Rf8 35. Qc3 Bxf2+ 36. Kg2 Nc5 37. Bc2 Rc6
38. Rh1 d4 39. Qh3 Kg7 40. Qh6+ Kf7 41. Bxg6+ Ke7 42. Qg7+ 1-0

[Event "4th Stage Russian Cup"]
[Site "Samara RUS"]
[Date "2002.08.03"]
[Round "9"]
[White "Kraev,A"]
[Black "Jamaletdinov,R"]
[Result "1/2-1/2"]
[WhiteElo "2330"]
[BlackElo "2122"]
[EventDate "2002.07.26"]

1. e4 c5 2. c4 e5 3. Nc3 Nc6 4. g3 g6 5. Bg2 Bg7 6. Nge2 Nge7 7. d3 d6 8.
O-O O-O 9. f4 f5 10. Be3 Be6 11. fxe5 Nxe5 12. Nf4 Bf7 13. Kh1 Kh8 14. Qd2
Qd7 15. Rae1 Rae8 16. b3 N5c6 17. Nfe2 fxe4 18. dxe4 b6 19. Bh6 Ne5 20.
Bxg7+ Kxg7 21. Rd1 Rd8 22. Nf4 N7c6 23. Bh3 Qe7 24. Ncd5 Qb7 25. Ne2 Bg8
26. Rf4 Bxd5 27. exd5 Ne7 28. Rdf1 Ng8 29. Be6 Rde8 30. Kg1 Rxf4 31. Qxf4
Qe7 32. Nc3 Nf6 33. Qh4 1/2-1/2

[Event "4th Stage Russian Cup"]
[Site "Samara RUS"]
[Date "2002.08.03"]
[Round "9"]
[White "Snatenkov,V"]
[Black "Ayupov,D"]
[Result "0-1"]
[WhiteElo "2225"]
[BlackElo "2312"]
[EventDate "2002.07.26"]

1. d4 e6 2. c4 f5 3. g3 Nf6 4. Bg2 c6 5. Nf3 d5 6. O-O Bd6 7. Bf4 Bxf4 8.
gxf4 O-O 9. Qc2 Qe7 10. Ne5 Bd7 11. e3 Kh8 12. Nc3 Be8 13. Kh1 Ne4 14. Nxe4
dxe4 15. f3 exf3 16. Bxf3 Nd7 17. Rg1 Rg8 18. Qc3 Nxe5 19. dxe5 c5 20. e4
Rf8 21. Raf1 Bc6 22. exf5 Bxf3+ 23. Rxf3 Rxf5 24. Rd1 Raf8 25. Qd3 g5 26.
Qd7 Qxd7 27. Rxd7 gxf4 28. Rxb7 Rxe5 29. Kg2 Rg5+ 30. Kf1 Rg7 31. Rfb3 Rff7
32. R7b5 Rg5 33. Rb7 Rfg7 34. R7b5 Rc7 35. Ra3 0-1

[Event "4th Stage Russian Cup"]
[Site "Samara RUS"]
[Date "2002.08.03"]
[Round "9"]
[White "Sunjaikin,B"]
[Black "Rodchenkov,V"]
[Result "0-1"]
[WhiteElo "2219"]
[BlackElo "2305"]
[EventDate "2002.07.26"]

1. e4 c5 2. Nf3 Qb6 3. g3 Nc6 4. Bg2 g6 5. O-O Bg7 6. c3 d6 7. d3 Nf6 8.
Nbd2 O-O 9. Qe2 Bg4 10. h3 Bxf3 11. Nxf3 Nd7 12. Nh2 Qc7 13. f4 b5 14. Ng4
Rab8 15. Qc2 b4 16. Bd2 Qb6 17. Ne3 Rfc8 18. Nc4 Qc7 19. Rae1 Nb6 20. Ne3
a5 21. Nd5 Nxd5 22. exd5 bxc3 23. bxc3 Na7 24. a4 Rb7 25. Rb1 Rcb8 26. Rxb7
Qxb7 27. c4 Nc8 28. Bxa5 Qa8 29. Bc3 Bxc3 30. Qxc3 Qxa4 31. Ra1 Qd7 32. g4
Qc7 33. f5 Nb6 34. Re1 Qd8 35. fxg6 hxg6 36. h4 Nd7 37. h5 Ne5 38. hxg6
fxg6 39. g5 Qd7 40. d4 cxd4 41. Qxd4 Qf5 42. c5 Qxg5 43. Qe3 Qxe3+ 44. Rxe3
Rb1+ 45. Bf1 Rc1 46. cxd6 exd6 47. Ra3 Rd1 48. Ra5 Kf7 49. Kf2 Kf6 50. Bg2
Rd2+ 0-1

[Event "4th Stage Russian Cup"]
[Site "Samara RUS"]
[Date "2002.08.03"]
[Round "9"]
[White "Shkliar,S"]
[Black "Kozlitin,O"]
[Result "0-1"]
[WhiteElo "2211"]
[BlackElo "2273"]
[EventDate "2002.07.26"]

1. d4 Nf6 2. c4 e6 3. Nc3 b6 4. e4 Bb4 5. Bd3 Bb7 6. f3 Bxc3+ 7. bxc3 d6 8.
Ne2 e5 9. O-O c5 10. Bg5 h6 11. Bh4 g5 12. Bf2 Nh5 13. Ng3 Nxg3 14. hxg3
Nc6 15. Be3 Qd7 16. Bc2 Na5 17. Ba4 Bc6 18. Bb3 O-O-O 19. Qc1 f6 20. Qa3
Qe7 21. Qb2 h5 22. Kf2 g4 23. Ke2 h4 24. gxh4 Rxh4 25. Rae1 Rh2 26. Kd3
gxf3 27. d5 fxg2 28. Rg1 Bd7 29. Rxg2 Rh3 30. Kd2 Qh7 31. Bf2 Rh2 32. Rxh2
Qxh2 33. Kc1 Rg8 34. Qe2 Rg2 35. Rf1 Qf4+ 36. Kb1 Bh3 37. Qh5 Bd7 38. Qh4
Rg4 39. Qh8+ Kc7 40. Qh7 Qxe4+ 41. Qxe4 Rxe4 0-1

[Event "4th Stage Russian Cup"]
[Site "Samara RUS"]
[Date "2002.08.03"]
[Round "9"]
[White "Yurtaev,L"]
[Black "Grebionkin,Vl"]
[Result "1-0"]
[WhiteElo "2552"]
[BlackElo "2475"]
[EventDate "2002.07.26"]

1. e4 c5 2. Nf3 Nc6 3. d4 cxd4 4. Nxd4 Nf6 5. Nc3 e5 6. Ndb5 d6 7. Bg5 a6
8. Na3 b5 9. Bxf6 gxf6 10. Nd5 f5 11. Bd3 Be6 12. O-O Bxd5 13. exd5 Ne7 14.
Re1 Bg7 15. Rb1 O-O 16. c4 bxc4 17. Nxc4 a5 18. Qh5 e4 19. Bf1 Rc8 20. Ne3
f4 21. Nf5 e3 22. Bd3 Ng6 23. fxe3 Re8 24. Rf1 fxe3 25. Nxg7 e2 26. Bxe2
Kxg7 27. Rxf7+ Kxf7 28. Qxh7+ Kf6 29. Rf1+ Ke5 30. Qxg6 Qb6+ 31. Kh1 Qe3
32. Bb5 1-0

[Event "4th Stage Russian Cup"]
[Site "Samara RUS"]
[Date "2002.08.03"]
[Round "9"]
[White "Doluhanova,E"]
[Black "Pavlov,De"]
[Result "0-1"]
[WhiteElo "2097"]
[BlackElo "2263"]
[EventDate "2002.07.26"]

1. e4 c5 2. Nf3 Nc6 3. Bb5 Nf6 4. e5 Nd5 5. c3 g6 6. O-O Bg7 7. d4 cxd4 8.
cxd4 O-O 9. Nc3 Nc7 10. Bc4 d5 11. Be2 f6 12. exf6 exf6 13. Be3 h6 14. Rc1
Kh7 15. Bd3 f5 16. Ne2 Ne6 17. g3 0-1

[Event "4th Stage Russian Cup"]
[Site "Samara RUS"]
[Date "2002.08.03"]
[Round "9"]
[White "Aleksandrov,V"]
[Black "Zhumabaev,R"]
[Result "0-1"]
[WhiteElo "2261"]
[BlackElo "2234"]
[EventDate "2002.07.26"]

1. d4 g6 2. c4 Bg7 3. Nc3 d6 4. e4 e5 5. d5 f5 6. exf5 gxf5 7. Qh5+ Kf8 8.
Bg5 Qe8 9. Qxe8+ Kxe8 10. f3 Bf6 11. Bxf6 Nxf6 12. Bd3 Na6 13. O-O-O Kf7
14. a3 Rd8 15. Nge2 Rg8 16. Rhg1 c6 17. Ng3 Rg5 18. Nf1 Nc7 19. Bc2 cxd5
20. cxd5 Bd7 21. h4 Rg7 22. Ne3 f4 23. Nf5 Bxf5 24. Bxf5 Rag8 25. Bh3 Ke7
26. Rd2 Rg6 27. Rgd1 Rh6 28. Rc2 Rxh4 29. Rd3 Kd8 30. a4 a6 31. b4 Rg3 32.
Re2 Nce8 33. b5 Rg7 34. bxa6 bxa6 35. Rb2 Rc7 36. Rb8+ Ke7 37. Kd2 Nd7 38.
Bxd7 Kxd7 39. Ne4 Rh2 40. Rc3 Rxg2+ 0-1

[Event "4th Stage Russian Cup"]
[Site "Samara RUS"]
[Date "2002.08.03"]
[Round "9"]
[White "Kurganov,D"]
[Black "Kalinin,Michail"]
[Result "1-0"]
[WhiteElo "2106"]
[BlackElo "2303"]
[EventDate "2002.07.26"]

1. c4 c5 2. Nf3 Nc6 3. Nc3 g6 4. e3 Bg7 5. d4 cxd4 6. exd4 d6 7. Be3 Nh6 8.
d5 Ne5 9. Nxe5 dxe5 10. Qa4+ Bd7 11. Qb4 b6 12. c5 bxc5 13. Bxc5 f6 14. Rd1
Kf7 15. Bc4 Re8 16. d6+ e6 17. Nb5 a5 18. Qa3 Nf5 19. Nc7 Qb8 20. Nxe8 Kxe8
21. O-O Bh6 22. Qf3 Kf7 23. Bxe6+ Bxe6 24. d7 Bf8 25. d8=Q Qxd8 1-0

[Event "4th Stage Russian Cup"]
[Site "Samara RUS"]
[Date "2002.08.03"]
[Round "9"]
[White "Shutalev,M"]
[Black "Luchkin,A"]
[Result "0-1"]
[WhiteElo "2140"]
[BlackElo "2191"]
[EventDate "2002.07.26"]

1. Nf3 Nf6 2. e3 d5 3. b3 Bg4 4. Bb2 Nbd7 5. Be2 Bxf3 6. Bxf3 e5 7. c4 c6
8. Nc3 dxc4 9. bxc4 Bd6 10. O-O Qc7 11. Qc2 O-O 12. g3 Rfe8 13. d4 Rad8 14.
Rac1 exd4 15. exd4 Nf8 16. d5 Ng6 17. Ne4 Nxe4 18. Bxe4 cxd5 19. Bxg6 hxg6
20. cxd5 Qd7 21. Rfd1 Qb5 22. a4 Qa6 23. Re1 Qa5 24. Rxe8+ Rxe8 25. Qb3
Re1+ 26. Kg2 Rxc1 27. Bxc1 Qc7 28. Be3 b6 29. Qb5 Kf8 30. h3 Ke7 31. Bd4 f6
32. Qe2+ Kf8 33. Kf3 Qd7 34. Kg2 Qxa4 35. Qe6 Be7 36. Be3 Qe8 37. Bf4 Bc5
38. Bd6+ Bxd6 39. Qxd6+ Qe7 40. Qc6 Qd8 41. d6 a5 42. Kf3 a4 43. Qxa4 Qxd6
0-1

[Event "4th Stage Russian Cup"]
[Site "Samara RUS"]
[Date "2002.08.03"]
[Round "9"]
[White "Petrov,Il"]
[Black "Khakimov,T"]
[Result "1-0"]
[WhiteElo "2161"]
[BlackElo "2132"]
[EventDate "2002.07.26"]

1. Nf3 c5 2. g3 d5 3. Bg2 e6 4. O-O Nc6 5. d3 Nf6 6. Nbd2 Bd6 7. e4 O-O 8.
Qe2 Qc7 9. b3 dxe4 10. dxe4 e5 11. c3 Bg4 12. Nc4 Be7 13. h3 Bh5 14. Bg5
Ne8 15. Bxe7 Bxf3 16. Qxf3 Nxe7 17. Rad1 b5 18. Ne3 Nf6 19. Rd2 Rfd8 20.
Nd5 Nexd5 21. exd5 Rd6 22. Qe2 e4 23. Re1 g6 24. Bxe4 Re8 25. Qxb5 Re5 26.
Rde2 Nxd5 27. Bxd5 Rdxd5 28. Rxe5 Rxe5 29. Rxe5 Qxe5 30. Qd3 Kg7 31. Kg2 h5
32. a3 a5 33. b4 cxb4 34. cxb4 a4 35. b5 Qb2 36. h4 Qb3 37. Qd4+ Kh7 38.
Qc5 Qe6 39. b6 Qe4+ 40. Kh2 Qf3 41. Kg1 Kg7 42. Qd4+ Kh7 43. Qxa4 Qd5 44.
Qb4 Qd1+ 45. Kh2 Qf3 46. Qf4 Qb7 47. Qc7 1-0

[Event "4th Stage Russian Cup"]
[Site "Samara RUS"]
[Date "2002.08.03"]
[Round "9"]
[White "Guseva,O"]
[Black "Razuvajeva,J"]
[Result "0-1"]
[WhiteElo "2227"]
[BlackElo "2182"]
[EventDate "2002.07.26"]

1. d4 d5 2. Nf3 c6 3. c4 Nf6 4. Nc3 dxc4 5. a4 Bf5 6. Ne5 e6 7. g3 Bb4 8.
Bg2 Ne4 9. O-O Nxc3 10. bxc3 Bxc3 11. Ba3 Qxd4 12. Nxc4 Qxc4 13. Qd6 Bf6
14. Rfd1 e5 15. Qc7 Nd7 16. Qxb7 Rd8 17. Bxc6 Be7 18. Rac1 Qg4 19. f3 Qg5
20. Bxe7 Qxe7 21. e4 Be6 22. Bb5 O-O 23. Rc7 Nc5 24. Rxd8 Qxd8 25. Qxa7
Qd1+ 26. Kf2 Qd2+ 27. Be2 Nd3+ 28. Kg1 Qxe2 0-1